[Event "Berlin Eckbauer op 4th"]
[Site "Berlin"]
[Date "2001.11.12"]
[Round "7"]
[White "Gruber, Andreas"]
[Black "Gremm, Albert Juergen"]
[Result "0-1"]
[WhiteElo "1600"]
[BlackElo "1824"]
[PlyCount "32"]
[EventDate "2001.10.??"]
[EventType "swiss"]
[EventRounds "7"]
[EventCountry "GER"]
[SourceTitle "EXT 2005"]
[Source "ChessBase"]
[SourceDate "2004.11.15"]
[SourceVersion "1"]
[SourceVersionDate "2004.11.15"]
[SourceQuality "1"]

1. e4 e5 2. f4 d5 3. exd5 e4 4. d3 Nf6 5. Nc3 Bb4 6. Bd2 e3 7. Qe2 0-0 8. Qxe3 Re8 9. Ne4 Nxd5 10. Qd4 Nc6 11. Qf2 f5 12. 0-0-0 fxe4 13. dxe4 Rxe4 14. Bxb4 Ncxb4 15. c4 Nxa2+ 16. Kb1 Ndc3+ 0-1

[Event "Berlin Eckbauer op 4th"]
[Site "Berlin"]
[Date "2001.10.08"]
[Round "2"]
[White "Gruber, Andreas"]
[Black "Lippianowski, Stefan"]
[Result "1-0"]
[WhiteElo "1600"]
[BlackElo "1161"]
[PlyCount "47"]
[EventDate "2001.10.??"]
[EventType "swiss"]
[EventRounds "7"]
[EventCountry "GER"]
[SourceTitle "EXT 2005"]
[Source "ChessBase"]
[SourceDate "2004.11.15"]
[SourceVersion "1"]
[SourceVersionDate "2004.11.15"]
[SourceQuality "1"]

1. d4 d5 2. c4 Be6 3. c5 Nc6 4. Nf3 g6 5. Nc3 Bg7 6. Bf4 Nf6 7. Nb5 0-0 8. Nxc7 Rc8 9. Nxe6 fxe6 10. e3 Qa5+ 11. Qd2 Qxd2+ 12. Nxd2 Ne4 13. Nxe4 dxe4 14. Bc4 Rf6 15. Bg5 Rff8 16. Bxe6+ Kh8 17. Bxc8 Rxc8 18. 0-0 e6 19. a3 h6 20. Bf4 g5 21. Bg3 Ne7 22. b4 a6 23. Rab1 b5 24. cxb6 1-0

[Event "Berlin Neukoelln op 7th"]
[Site "Berlin"]
[Date "2001.05.11"]
[Round "1"]
[White "Gruber, Andreas"]
[Black "Kampf, Guenther"]
[Result "0-1"]
[WhiteElo "1591"]
[BlackElo "2055"]
[PlyCount "78"]
[EventDate "2001.05.11"]
[EventType "swiss"]
[EventRounds "7"]
[EventCountry "GER"]
[SourceTitle "EXT 2022"]
[Source "ChessBase"]
[SourceDate "2021.10.06"]
[SourceVersion "1"]
[SourceVersionDate "2021.10.06"]
[SourceQuality "1"]

1. e4 c5 2. d4 cxd4 3. c3 dxc3 4. Nxc3 d6 5. Nf3 Nc6 6. Bc4 e6 7. Qe2 Nf6 8. 0-0 a6 9. Rd1 Qc7 10. Be3 Bd7 11. Rac1 Rc8 12. a3 Be7 13. b4 b5 14. Ba2 Qb8 15. Nd4 0-0 16. f4 Rfd8 17. h3 Nxd4 18. Bxd4 Bc6 19. e5 dxe5 20. fxe5 Nd7 21. Rf1 Nf8 22. Qf2 Be8 23. Ne4 Rxc1 24. Rxc1 Ng6 25. Qb2 Qb7 26. Nc5 Qa8 27. Rd1 Bc6 28. Rd2 Bg5 29. Rf2 Bh4 30. Rf1 Bxg2 31. Rxf7 Bd5 32. Bxd5 Qxd5 33. Ra7 Qxd4+ 34. Qxd4 Rxd4 35. Nxe6 Rd1+ 36. Kg2 Rd2+ 37. Kf3 Nxe5+ 38. Ke4 Re2+ 39. Kf4 Nd3+ 0-1

[Event "Berlin op 10"]
[Site "Berlin"]
[Date "2000.11.27"]
[Round "7"]
[White "Hess, Markus"]
[Black "Gruber, Andreas"]
[Result "1-0"]
[WhiteElo "1886"]
[BlackElo "1602"]
[PlyCount "41"]
[EventDate "2000.10.16"]
[EventType "swiss"]
[EventRounds "7"]
[EventCountry "GER"]
[SourceTitle "EXT 2007"]
[Source "ChessBase"]
[SourceDate "2006.11.23"]
[SourceVersion "1"]
[SourceVersionDate "2006.11.23"]
[SourceQuality "1"]

1. d4 d5 2. Nf3 Nf6 3. e3 e6 4. Bd3 c5 5. c3 Nbd7 6. Nbd2 Bd6 7. 0-0 0-0 8. Re1 Re8 9. e4 dxe4 10. Nxe4 Nxe4 11. Rxe4 Nf6 12. Rh4 b6 13. Ne5 Bb7 14. Qc2 Bxe5 15. dxe5 Qd5 16. f3 Qxe5 17. Bf4 Qd5 18. Rd1 Qc6 19. Bxh7+ Kf8 20. Bd6+ Re7 21. Be4 1-0

[Event "Berlin op 10"]
[Site "Berlin"]
[Date "2000.10.16"]
[Round "1"]
[White "Haemmerlein, Thomas"]
[Black "Gruber, Andreas"]
[Result "1-0"]
[WhiteElo "2140"]
[BlackElo "1602"]
[PlyCount "71"]
[EventDate "2000.10.16"]
[EventType "swiss"]
[EventRounds "7"]
[EventCountry "GER"]
[SourceTitle "EXT 2007"]
[Source "ChessBase"]
[SourceDate "2006.11.23"]
[SourceVersion "1"]
[SourceVersionDate "2006.11.23"]
[SourceQuality "1"]

1. e4 c6 2. d4 d5 3. f3 dxe4 4. fxe4 e6 5. Nf3 c5 6. c3 Nd7 7. Bd3 Bd6 8. e5 Bc7 9. 0-0 Ne7 10. Na3 h6 11. Nb5 cxd4 12. Nxc7+ Qxc7 13. cxd4 0-0 14. Qe2 f5 15. exf6 Nxf6 16. Bd2 Bd7 17. Bb4 Rfe8 18. Rac1 Qb6 19. Bc5 Qd8 20. Bd6 Ned5 21. Be5 Rc8 22. Bg6 Re7 23. Nd2 a6 24. Qf3 Be8 25. Bb1 Bh5 26. Qg3 Ng4 27. Qd3 Ngf6 28. h3 Rxc1 29. Rxc1 g5 30. Ne4 Rd7 31. g4 Be8 32. Nc5 Re7 33. Rf1 Bb5 34. Qg6+ Rg7 35. Qxg7+ Kxg7 36. Nxe6+ 1-0